O Direito e a Faml̕ia

Detalles Bibliográficos
Autor principal: de Barros Carvalho, Paulo
Otros Autores: Da Silva Martins, Ives Gandra
Formato: eBook
Lenguaje:portugués
Publicado: San Pablo: Editora Noeses, 2014
Materias:
Acceso en línea:Acceso restringido

MARC

LEADER 00000nam a22000007a 4500
005 20211111210832.0
007 cr|||| ||||
008 211111s2014 br |||||s|||| 00||0 por d
020 |a 9000000053236 
035 |a 35369 
040 |a vLex 
090 |c 12643  |d 12643 
100 1 |a de Barros Carvalho, Paulo 
245 1 1 |a O Direito e a Faml̕ia  |h [Recurso electrn̤ico] /  |c Paulo de Barros Carvalho, Ives Gandra Da Silva Martins 
256 |a Servicio en ln̕ea 
260 |a San Pablo:  |b Editora Noeses,  |c 2014 
300 |a 1 recurso electrn̤ico 
500 |a Trata-se da segunda obra da Uniô dos Juristas Catl̤icos de Sô Paulo – UJUCASP. A instituiȯ̂ familiar ̌a base da sociedade (art. 226 da CF/88). De forma nô emocional e despido de prefern̊cias ideolg̤icas, o livro prope̳ a reflexô sobre a preservaȯ̂ dos valores familiares, exclusivamente ̉luz do direito positivo, nô transigindo em conceitos e fundamentos da Carta Magna. Ives Gandra da Silva Martins ̌Professor Emřito das Universidades Mackenzie, UNIP, UNIFIEO, UNIFMU, do CIEE/O Estado de Sô Paulo, das Escolas de Comando e Estado-Maior do Exřcito - ECEME, Superior de Guerra - ESG e da Magistratura do Tribunal Regional Federal da 1® Regiô. Paulo de Barros Carvalho ̌Professor Emřito e Titular da PUC/SP e da USP. 
506 1 |a Disponible solo en los productos indicados  |d vLex Global  |d vLex Global (Academic Edition, excluding Law Schools)  |d vLex Global (U.S. Academic Edition, Law Schools)  |d vLex Global (U.S. Academic Edition, excluding Law Schools)  |d vLex Global (Academic Edition, Law Schools) 
650 0 4 |a Familia y Sucesiones  |z Brasil 
700 1 |a Da Silva Martins, Ives Gandra 
740 0 |a vLex Libros (Servicio en ln̕ea) 
856 4 0 |u https://app.vlex.com/#/sources/35369  |z Acceso restringido 
942 |c BOOK 
999 0 |a Family and Successions